[Event "Shenzhen WGP 2011"]
[Site "Shenzhen CHN"]
[Date "2011.09.14"]
[Round "7"]
[White "Cmilyte,V"]
[Black "Zhao Xue"]
[Result "1/2-1/2"]
[WhiteElo "2525"]
[BlackElo "2497"]

1.d4 Nf6 2.c4 e6 3.Nc3 Bb4 4.Nf3 c5 5.g3 Nc6 6.Bg2 Ne4 7.Bd2 Nxd2 8.Qxd2 cxd4
9.Nxd4 Qb6 10.Nf3 O-O 11.O-O Rd8 12.Rad1 Qa5 13.Qf4 Bxc3 14.bxc3 Qxc3 15.Ng5 Qf6
16.Qxf6 gxf6 17.Ne4 f5 18.Nd6 Rb8 19.Rfe1 Ne7 20.e4 fxe4 21.Rxe4 b6 22.Rd3 Ng6
23.h4 f6 24.f4 Kf8 25.h5 Ne7 26.Re1 a5 27.f5 Ba6 28.g4 Ng8 29.Rd4 Ke7 30.Bh3 Kf8
31.g5 e5 32.Rg4 Ke7 33.Ne4 fxg5 34.Nxg5 Nh6 35.f6+ Kxf6 36.Nxh7+ Ke7 37.Rg7+ Nf7
38.Rxe5+ Kd6 39.Rd5+ Kc6 40.Bg2 Bxc4 41.Rf5+ Kd6 42.Rfxf7 Bxf7 43.Rxf7 Rg8
44.Rf2 Ke6 45.Kh2 d5 46.Re2+ Kd6 47.Rd2 Rh8 48.Rxd5+ Ke7 49.Be4 Rbg8 50.Bg6 Rg7
51.Re5+ Kd6 52.Rb5 Rgxh7 53.Bxh7 Rxh7 54.Kh3 Ke7 55.Kh4 Rh6 56.Kg5 Rc6 57.Rf5 Rc2
58.h6 Rg2+ 59.Kh5 Ke6 60.Rf4 Rh2+ 61.Kg5 Rg2+ 62.Kh5 Rh2+ 63.Kg5 Rg2+ 64.Rg4 Rxg4+
65.Kxg4 Kf6 66.Kf4 b5 67.Ke4 b4 68.Kd4 a4 69.Kc4 b3 70.axb3 axb3 71.Kxb3 Kg6
72.h7 Kxh7  1/2-1/2

[Event "10th Istanbul Open A"]
[Site "Istanbul TUR"]
[Date "2011.09.15"]
[Round "5"]
[White "Tahaoglu,Ugur Barkin"]
[Black "Grigoriev,A"]
[Result "0-1"]
[WhiteElo "1855"]
[BlackElo "2283"]

1.d4 Nf6 2.c4 e6 3.Nc3 Bb4 4.Nf3 d5 5.cxd5 exd5 6.Bg5 h6 7.Bh4 O-O 8.e3 Nbd7
9.Bd3 Re8 10.O-O c6 11.Qc2 Nf8 12.h3 Bd6 13.Rae1 Be6 14.Ne5 Be7 15.f4 N6h7
16.Bxe7 Qxe7 17.Rf3 Rad8 18.Ref1 Bc8 19.Kh2 Rd6 20.Rg1 Red8 21.g4 f6 22.Ng6 Nxg6
23.Bxg6 Nf8 24.Bf5 Be6 25.h4 Re8 26.Rfg3 Qd7 27.Bd3 Re7 28.R1g2 Bf7 29.g5 fxg5
30.hxg5 hxg5 31.Rxg5 Rh6+ 32.Kg1 Be8 33.R5g3 Qd6 34.Ne2 Bh5 35.Kf2 Qf6 36.f5 Bxe2
37.Qxe2 Qh4 38.Qg4 Qxg4 39.Rxg4 Nd7 40.Rg6 Rxg6 41.fxg6 Nf6 42.b4 Re8 43.a4 Kf8
44.Rg1 Ke7 45.b5 Rc8 46.Rc1 Kd6 47.bxc6 Rxc6 48.Rb1 Kc7 49.Rb2 Rc3 50.Rc2 Rxc2+
51.Bxc2 Kd6 52.Kf3 Ke6 53.Kf4 Ne8 54.e4 dxe4 55.Bxe4 Nd6 56.Bd3 Kd5 57.Ke3 b6
58.Bb1 Nc4+ 59.Kd3 Nb2+ 60.Kc3 Nxa4+ 61.Kb4 b5 62.Bc2 a6 63.Bxa4 bxa4 64.Kxa4 Kxd4
65.Ka5 Ke5 66.Kxa6 Kf6 67.Kb5 Kxg6 68.Kc4 Kf5 69.Kd3 Kf4 70.Ke2 Kg3 71.Kf1 g5
72.Kg1 g4  0-1

[Event "10th Istanbul Open A"]
[Site "Istanbul TUR"]
[Date "2011.09.17"]
[Round "7"]
[White "Citak,S"]
[Black "Romanishin,O"]
[Result "1/2-1/2"]
[WhiteElo "2351"]
[BlackElo "2537"]

1.d4 Nf6 2.c4 e6 3.Nc3 Bb4 4.Nf3 c5 5.g3 Ne4 6.Qd3 Qa5 7.Qxe4 Bxc3+ 8.Bd2 Bxd2+
9.Nxd2 d6 10.Bg2 O-O 11.Qe3 cxd4 12.Qxd4 Nc6 13.Qd3 Ne5 14.Qc2 Bd7 15.Bxb7 Rab8
16.Bg2 d5 17.O-O Nxc4 18.Nxc4 dxc4 19.Rfd1 Ba4 20.b3 cxb3 21.axb3 Bxb3 22.Rxa5 Bxc2
23.Rda1  1/2-1/2

[Event "4th Mumbai Mayors Cup"]
[Site "Mumbai IND"]
[Date "2011.09.17"]
[Round "2"]
[White "Murshed,N"]
[Black "Divyasri,C"]
[Result "1-0"]
[WhiteElo "2442"]
[BlackElo "2129"]

1.d4 Nf6 2.c4 e6 3.Nc3 Bb4 4.Nf3 c5 5.g3 Nc6 6.d5 Bxc3+ 7.bxc3 Na5 8.Nd2 b6
9.Bg2 Bb7 10.e4 e5 11.O-O d6 12.Re1 Ba6 13.Bf1 Qd7 14.Bd3 h5 15.h4 Ng4 16.a4 f6
17.Qe2 O-O-O 18.Nf1 Rdg8 19.f3 Nh6 20.Bxh6 Rxh6 21.Ne3 Kc7 22.Kf2 g5 23.Rh1 Rhg6
24.Nf5 Qe8 25.g4 gxh4 26.Rxh4 Rg5 27.Rah1 hxg4 28.Rxg4 Rxg4 29.fxg4 Qxa4
30.Rh7+ Kb8 31.Nxd6 Qb3 32.Qc2 Qxc2+ 33.Bxc2 Nxc4 34.Nf5 Bc8 35.Ne7 Re8 36.Nc6+ Ka8
37.Rxa7+  1-0

[Event "2nd Biella Open A"]
[Site "Biella ITA"]
[Date "2011.09.23"]
[Round "1.8"]
[White "Radice,L"]
[Black "Genocchio,D"]
[Result "0-1"]
[WhiteElo "1972"]
[BlackElo "2432"]

1.d4 Nf6 2.c4 e6 3.Nc3 Bb4 4.Nf3 c5 5.e3 d5 6.a3 cxd4 7.exd4 Bxc3+ 8.bxc3 O-O
9.Bd3 dxc4 10.Bxc4 Qc7 11.Qd3 b6 12.O-O Bb7 13.Bb2 Nbd7 14.Ba2 Ng4 15.h3 Bxf3
16.hxg4 Bxg4 17.c4 Qf4 18.Rae1 Rfd8 19.Re3 Rac8 20.Qb1 Nf6 21.Qa1 Bf5 22.d5 Ng4
23.Be5 Nxe5 24.Rxe5 f6 25.Re3 e5 26.Qc3 Rc5 27.Qb3 h5 28.Rfe1 Qh4 29.Qa4 Rcxd5
30.Qxa7 Rd2 31.g3 Qh3 32.Qxb6 R8d4 33.Bb1 Bxb1 34.Qb8+ Rd8 35.Qxb1 h4 36.c5 Qg4
37.Qe4 Qxe4 38.Rxe4 hxg3 39.fxg3 Rc2 40.R1e2 Rxc5 41.a4 Rd3 42.g4 Ra3 43.g5 Rg3+
44.Rg2 Rc1+ 45.Kh2 Rxg2+ 46.Kxg2 Kf7 47.gxf6 gxf6 48.Rb4 Ra1 49.Kf3 Ke6 50.Rb6+ Kf5
51.Rb4 Ra3+  0-1

[Event "TCh-HUN 2011-12"]
[Site "Zalaegerszeg HUN"]
[Date "2011.09.25"]
[Round "1"]
[White "Flumbort,A"]
[Black "Csiszar,C"]
[Result "0-1"]
[WhiteElo "2539"]
[BlackElo "2394"]

1.d4 Nf6 2.c4 e6 3.Nc3 Bb4 4.Nf3 c5 5.g3 Qc7 6.Bf4 d6 7.a3 Bxc3+ 8.bxc3 cxd4
9.cxd4 Nh5 10.Bd2 Nd7 11.e4 Nhf6 12.Bd3 e5 13.O-O O-O 14.Re1 Re8 15.a4 b6
16.a5 Bb7 17.d5 Nc5 18.Bb4 Ba6 19.axb6 axb6 20.Rc1 Bc8 21.Nh4 Bd7 22.Bb1 Ra4
23.Bd2 Bg4 24.f3 Bc8 25.Bg5 Qd8 26.Be3 Ra5 27.Re2 h6 28.Rb2 Qc7 29.Qd2 Bd7
30.Ng2 Ra4 31.Ne1 Rb8 32.Nd3 Ra3 33.Nf2 Rba8 34.Qe2 Ra1 35.Nd1 R8a3 36.Kg2 Qa7
37.Rc3 Ra5 38.Rc1 Bc8 39.Nc3 Ba6 40.Rb4 Nfd7 41.Qb2 R5a3 42.Bf2 Na4 43.Nxa4 Rxa4
44.Bd3 R1a2 45.Qb1 Bc8 46.Bc2 R4a3 47.Bb3 Rd2 48.Rc2 Ra1 49.Qb2 Rdd1 50.Ba2 Nc5
51.Bxc5 dxc5  0-1

[Event "Campomanes Mem GM"]
[Site "Yangon MYA"]
[Date "2011.09.27"]
[Round "11"]
[White "Bui Vinh"]
[Black "Nguyen Anh Dung"]
[Result "1/2-1/2"]
[WhiteElo "2458"]
[BlackElo "2479"]

1.d4 Nf6 2.c4 e6 3.Nc3 Bb4 4.Nf3 c5 5.dxc5 O-O 6.Qc2 Na6 7.Bg5 Nxc5 8.a3 Bxc3+
9.Qxc3 Nce4 10.Bxf6 Qxf6 11.Qxf6 Nxf6 12.e3 d5 13.cxd5 Nxd5 14.Bc4 Nf6 15.O-O Bd7
16.Rfd1 Rfd8 17.Rac1 Kf8 18.Ne5 Ba4 19.Rxd8+ Rxd8 20.Kf1 Nd7 21.Nxd7+ Rxd7  1/2-1/2

[Event "Sub-Zonal 2.3.4 2011"]
[Site "Pereira COL"]
[Date "2011.09.28"]
[Round "8"]
[White "Castro,O"]
[Black "Mendoza,Raf"]
[Result "1/2-1/2"]
[WhiteElo "2382"]
[BlackElo "2326"]

1.d4 Nf6 2.c4 e6 3.Nc3 Bb4 4.Nf3 c5 5.g3 O-O 6.Bg2 Nc6 7.d5 Na5 8.Qd3 exd5
9.cxd5 d6 10.O-O Bxc3 11.bxc3 Re8 12.c4 Bg4 13.Bb2 Bh5 14.Rfe1 Nd7 15.Nd2 f6
16.f4 b5 17.cxb5 c4 18.Qd4 Rxe2 19.Ne4 Nb7 20.Bh3 Ndc5  1/2-1/2

[Event "16th ECC w"]
[Site "Rogaska Slatina SLO"]
[Date "2011.09.28"]
[Round "4.2"]
[White "Cmilyte,V"]
[Black "Cramling,P"]
[Result "1/2-1/2"]
[WhiteElo "2525"]
[BlackElo "2489"]

1.d4 Nf6 2.c4 e6 3.Nc3 Bb4 4.Nf3 b6 5.e3 Ne4 6.Qc2 Bb7 7.Bd3 f5 8.O-O Bxc3
9.bxc3 c5 10.d5 exd5 11.cxd5 Bxd5 12.c4 Bb7 13.Bb2 Qe7 14.Nd2 O-O 15.Rad1 d6
16.Nb1 Nc6 17.a3 Ne5 18.f3 Ng5 19.Be2 Rf6 20.Nc3 Rg6 21.Nd5 Bxd5 22.Rxd5 f4
23.Kh1 Rf8 24.exf4 Rxf4 25.g3 Rxf3 26.Bxf3 Nexf3 27.Qf5 Re6 28.Bc1 h6 29.Bxg5 Nxg5
30.Rd2 Ne4 31.Rdd1 Nc3 32.Rd2 Ne4 33.Rdd1 Nc3 34.Rd2  1/2-1/2

[Event "1st Qinhuangdao Open"]
[Site "Qinhuangdao CHN"]
[Date "2011.10.03"]
[Round "4"]
[White "Li Shilong"]
[Black "Le Quang Liem"]
[Result "1-0"]
[WhiteElo "2519"]
[BlackElo "2717"]

1.d4 Nf6 2.c4 e6 3.Nc3 Bb4 4.Nf3 d5 5.cxd5 exd5 6.Bg5 h6 7.Bh4 c5 8.e3 Nc6
9.Rc1 g5 10.Bg3 Ne4 11.Bb5 Qa5 12.O-O Bxc3 13.Bxc6+ bxc6 14.bxc3 Bg4 15.Qb3 Qa6
16.dxc5 Bxf3 17.gxf3 Nd2 18.Qc2 Nxf1 19.Bd6 Qc8 20.e4 f5 21.exd5 cxd5 22.c4 d4
23.Rxf1 Kf7 24.c6 Qe6 25.c5 Qd5 26.Rd1 Qxf3 27.Qc4+ Kg7 28.Be5+ Kg6 29.Qe6+ Kh5
30.Qf7+ Kg4 31.Rxd4+ f4 32.Rxf4+ gxf4 33.Qe6+ Kg5 34.Bf6+ Kg6 35.Be7+  1-0

[Event "Oslo GM Open"]
[Site "Oslo NOR"]
[Date "2011.10.05"]
[Round "5.4"]
[White "Hammer,J"]
[Black "Rozentalis,E"]
[Result "1-0"]
[WhiteElo "2601"]
[BlackElo "2575"]

1.d4 Nf6 2.c4 e6 3.Nc3 Bb4 4.Nf3 O-O 5.e3 d5 6.Bd3 c5 7.O-O cxd4 8.exd4 dxc4
9.Bxc4 b6 10.Bg5 Bb7 11.Rc1 Nbd7 12.Re1 Rc8 13.Bb3 Re8 14.Qe2 Bxc3 15.bxc3 Qc7
16.Bh4 Nh5 17.Qe3 Qf4 18.Bg5 Qxe3 19.fxe3 Nhf6 20.Nd2 Ne4 21.Ba4 Rc7 22.Bf4 e5
23.Nxe4 Bxe4 24.dxe5 Rb7 25.Bb5 g5 26.Rcd1 Re7 27.e6 fxe6 28.Bd6 Nc5 29.Bxe7 Rxe7
30.Rd4 Kg7 31.Rf1 Rc7 32.a3 Bf5 33.g4 Bg6 34.Rd8 a6 35.Be8 Be4 36.a4 Bd5
37.Rb8 Ne4 38.Rxb6 Nf6 39.Bh5 Nxh5 40.gxh5 Rxc3 41.e4 Bc6 42.Rxa6 Rc2 43.h3 Bxe4
44.h6+ Kxh6 45.Rxe6+ Bg6 46.Ra1 Kh5 47.a5 Bf5 48.Re3 Rc7 49.a6 Ra7 50.Rc3 Be4
51.Ra4 Ba8 52.Rc8 Bd5 53.Rd8 Bb3 54.Rb4  1-0

[Event "12th Karpov Int"]
[Site "Poikovsky RUS"]
[Date "2011.10.05"]
[Round "2"]
[White "Jakovenko,D"]
[Black "Karjakin,Sergey"]
[Result "1/2-1/2"]
[WhiteElo "2716"]
[BlackElo "2772"]

1.d4 Nf6 2.c4 e6 3.Nc3 Bb4 4.Nf3 c5 5.g3 O-O 6.Bg2 cxd4 7.Nxd4 d5 8.cxd5 Nxd5
9.Qb3 Qa5 10.Bd2 Nc6 11.Nxc6 bxc6 12.O-O Bxc3 13.bxc3 Ba6 14.Rfd1 Qc5 15.e4 Bc4
16.Qa4 Nb6 17.Qb4 Qh5 18.Re1 c5 19.Qa5 Rfc8 20.Be3 Be2 21.Bf4 Bd3 22.Rad1 Be2
23.Rc1 Bd3 24.e5 Nc4 25.Qa6 g5 26.Be3 Nxe3 27.Qxd3 Nxg2 28.Kxg2 Rd8 29.Qe3 Rab8
30.Rb1  1/2-1/2

[Event "e2e4 High Wycombe Open"]
[Site "Uplands Park ENG"]
[Date "2011.10.07"]
[Round "1"]
[White "Grattage,Matthew"]
[Black "Cannon,Ri"]
[Result "1-0"]
[WhiteElo "1881"]
[BlackElo "2096"]

1.Nf3 Nf6 2.d4 e6 3.c4 Bb4+ 4.Nc3 b6 5.a3 Bxc3+ 6.bxc3 Bb7 7.Bg5 h6 8.Bxf6 Qxf6
9.g3 O-O 10.Bg2 c5 11.O-O d6 12.a4 Nc6 13.Nd2 cxd4 14.Ne4 Qe7 15.cxd4 f5
16.Nc3 Na5 17.Bxb7 Qxb7 18.Nb5 Nxc4 19.Qb3 d5 20.Rfc1 Qe7 21.Na3 Nd2 22.Qc2 Ne4
23.f3 Nd6 24.Qc7 Rf7 25.Qxe7 Rxe7 26.Rc6 Rd8 27.Rac1 Kf7 28.Kf2 g5 29.h4 gxh4
30.gxh4 f4 31.Rd1 Nf5 32.Nb5 Nxh4 33.Nd6+ Kf6 34.Rh1 Rxd6 35.Rxd6 Nf5 36.Rd8 Rh7
37.Rc8 Nxd4 38.Rhc1 h5 39.R8c7 Rh8 40.Rxa7 h4 41.Rcc7 Nf5 42.Rh7 Rg8 43.Rab7 Ne3
44.Rxh4 Rg2+ 45.Ke1 Rg1+ 46.Kd2 Ke5 47.Kc3 d4+ 48.Kb3 Nd5 49.Rh5+ Kd6 50.Kc4 Rd1
51.Rb8 Kc7 52.Rg8 Ne3+ 53.Kb3 Rb1+ 54.Ka2 Rc1 55.Rh7+ Kd6 56.Rh2 Rc2+ 57.Kb3 Rc3+
58.Kb2 Nc4+ 59.Kb1 Rb3+ 60.Kc2 Rc3+ 61.Kb1 Nd2+ 62.Kb2 Nc4+ 63.Kb1 Rb3+ 64.Kc2 Rb2+
65.Kd3 Ne5+ 66.Ke4 d3 67.Rd8+ Ke7 68.Rxd3 Nxd3 69.Kxd3 Ra2 70.Rh7+ Kd6 71.Ra7 Kd5
72.Ra6 Ra3+ 73.Kd2 Kc5 74.Ra8 e5 75.Re8 Re3 76.Ra8 Ra3 77.Re8 Kd4 78.Rd8+ Kc4
79.Rc8+ Kb4 80.Re8 Re3 81.Rb8 Kc5 82.Rc8+ Kd6 83.Rc4 Rb3 84.Kc2 Re3 85.Re4 Rxe4
86.fxe4 Kc6 87.Kb3 b5 88.a5 Kb7 89.Kc3 Kc7 90.Kb4 Kc6 91.a6 Kb6 92.a7 Kxa7
93.Kxb5 Kb7 94.Kc5 Kc7 95.Kd5 Kd7 96.Kxe5  1-0

[Event "TCh-CZE Extraliga 2011-12"]
[Site "Czech Republic CZE"]
[Date "2011.10.08"]
[Round "1.1"]
[White "Mista,A"]
[Black "Najer,E"]
[Result "0-1"]
[WhiteElo "2561"]
[BlackElo "2637"]

1.d4 Nf6 2.c4 e6 3.Nc3 Bb4 4.Nf3 d5 5.Bg5 h6 6.Bxf6 Qxf6 7.Qb3 c5 8.cxd5 exd5
9.e3 O-O 10.dxc5 Bxc3+ 11.Qxc3 Qxc3+ 12.bxc3 Nd7 13.Rd1 Nxc5 14.Rxd5 b6 15.Rd4 Be6
16.Bc4 Rac8 17.Kd2 Bxc4 18.Rxc4 Rfe8 19.Kc2 Ne4 20.Rxc8 Rxc8 21.Rf1 Rxc3+
22.Kb2 Rd3 23.Kc2 Rd5 24.Nd4 Rg5 25.g3 Rh5 26.h4 Ra5 27.Kb2 h5 28.Ne2 Rd5
29.Nd4 g6 30.Kc2 Ra5 31.Kb2 Kg7 32.Nc2 Rd5 33.Nd4 Rd6 34.Kc2 Rf6 35.Nb5 Nxg3  0-1

[Event "TCh-MNE 1st League"]
[Site "Tivat MNE"]
[Date "2011.10.08"]
[Round "1.3"]
[White "Georgiev,Ki"]
[Black "Lajthajm,B"]
[Result "1-0"]
[WhiteElo "2664"]
[BlackElo "2496"]

1.d4 Nf6 2.c4 e6 3.Nc3 Bb4 4.Nf3 O-O 5.Bg5 c5 6.Rc1 d6 7.e3 Nbd7 8.Be2 Qa5
9.Qb3 Ne4 10.Bh4 cxd4 11.exd4 b6 12.O-O Bxc3 13.bxc3 Bb7 14.Rfe1 Rfc8 15.Bd3 Nef6
16.Nd2 d5 17.f3 Ba6 18.Bf1 dxc4 19.Nxc4 Qd5 20.Nd6 Qxd6 21.Bxa6 Re8 22.Bg3 Qc6
23.a4 Nh5 24.Bh4 Qc7 25.Qb5 e5 26.Rcd1 Re6 27.Qd5 Rae8 28.Bb5 Nhf6 29.Qc4 Qxc4
30.Bxc4 R6e7 31.Bb5 exd4 32.Rxe7 Rxe7 33.Rxd4 h6 34.Bxd7 g5 35.Bb5 gxh4 36.Rxh4 Kg7
37.Kf2 Nd5 38.Rc4 f5 39.Bc6 Nc7 40.Bb5 Nd5 41.g3 h5 42.Bc6 Nf6 43.h4 Re5
44.Bb7 Re7 45.Bc8 Kg6 46.Rc6 Re5 47.Be6 Ne8 48.Bb3+ Kg7 49.Bc2 Kf7 50.Bd1 Re7
51.Bb3+ Kg7 52.Be6 Kg6 53.c4 Ng7 54.Bg8+  1-0

[Event "TCh-POL Ekstraliga"]
[Site "Katowice POL"]
[Date "2011.10.09"]
[Round "9"]
[White "Chojnacki,K"]
[Black "Hera,I"]
[Result "0-1"]
[WhiteElo "2441"]
[BlackElo "2566"]

1.d4 Nf6 2.c4 e6 3.Nc3 Bb4 4.Nf3 b6 5.g3 Bb7 6.Bg2 Bxc3+ 7.bxc3 O-O 8.O-O d6
9.Re1 Nbd7 10.Bh3 Ne4 11.Nd2 Nxd2 12.Bxd2 f5 13.f3 e5 14.e4 fxe4 15.fxe4 Nf6
16.Be6+ Kh8 17.d5 Bc8 18.Bxc8 Qxc8 19.Bg5 c6 20.Bxf6 Rxf6 21.Rf1 Rxf1+ 22.Kxf1 Qa6
23.Qd3 cxd5 24.Qxd5 Rc8 25.Kg1 Qxc4 26.Qxd6 Qxc3 27.Rf1 Qe3+ 28.Kg2 Qxe4+
29.Kh3 h5 30.Qe6 Qg4+ 31.Qxg4 hxg4+ 32.Kxg4 Rc2 33.Rf7 Rxa2 34.Kg5 Kh7 35.h4 e4
36.Re7 Ra5+ 37.Kf4 Ra4 38.Kg5 a5 39.g4 Rc4 40.h5 a4 41.h6 Rc5+ 42.Kf4 Kxh6
43.Re6+ g6 44.Rxb6 Ra5 45.Rb7 e3 46.g5+ Rxg5  0-1

[Event "4th Final Master Playoff"]
[Site "Bilbao ESP"]
[Date "2011.10.11"]
[Round "1"]
[White "Carlsen,M"]
[Black "Ivanchuk,V"]
[Result "1/2-1/2"]
[WhiteElo "2823"]
[BlackElo "2765"]

1.d4 Nf6 2.c4 e6 3.Nc3 Bb4 4.Nf3 b6 5.Qc2 Bb7 6.a3 Bxc3+ 7.Qxc3 d6 8.g3 Nbd7
9.Bg2 a5 10.b3 O-O 11.O-O Qb8 12.Re1 Re8 13.Bb2 Be4 14.Bf1 e5 15.Nd2 exd4
16.Qxd4 Bc6 17.e4 b5 18.cxb5 Bxb5 19.Bg2 Ne5 20.Rad1 Nd3 21.Re3 Nxb2 22.Qxb2 Ng4
23.Rc3 Qb6 24.Nc4 Bxc4 25.Rxc4 Rab8 26.Rc3 Re7 27.Qc2 g6 28.h3 Nf6 29.Kh2 h5
30.f4 Qb5 31.Rd4 Qb6 32.Qd3 Rbe8 33.e5 dxe5 34.fxe5 Nh7 35.Rc6 Qa7 36.Qc4 Nf8
37.Ra6 Qb8 38.Ra8 Qb6 39.Ra6 Qb8 40.Bc6 Rxe5 41.Bxe8 Qxe8 42.Rd2 Ne6 43.Rf2 Qd7
44.Qc3 Nd4 45.Raf6 Rf5 46.R6xf5 Nxf5 47.Rd2 Qe7 48.Rf2 Qxa3 49.g4 Qd6+ 50.Kg2 Nh4+
51.Kg1 hxg4 52.hxg4 Qd1+ 53.Kh2 Qxg4 54.Qg3 Qxg3+ 55.Kxg3 Nf5+ 56.Kf4 Nd4
57.Rb2 Ne6+ 58.Ke5 Kg7 59.Ra2 g5 60.Rxa5 Kg6 61.Ra8 Kg7 62.b4 Nf4 63.Kf5 Ne6
64.Rc8 g4 65.Kxg4 Kf6 66.Kf3 Ke5 67.Ke3 Kd5 68.Kd3 f5 69.Rh8 Nf4+ 70.Ke3 Ke5
71.b5 Ne6 72.Kd3 Kd5 73.Kc3 Kc5 74.Re8 Nf4 75.Re5+ Nd5+ 76.Kd3 c6 77.bxc6 Kxc6
78.Rxf5 Kd6 79.Ke4  1/2-1/2

[Event "US Chess League 2011"]
[Site "ICC INT"]
[Date "2011.10.11"]
[Round "7"]
[White "Kacheishvili,G"]
[Black "Benjamin,Joe"]
[Result "1-0"]
[WhiteElo "2589"]
[BlackElo "2552"]

1.d4 Nf6 2.c4 e6 3.Nc3 Bb4 4.Nf3 b6 5.Bg5 Bb7 6.e3 h6 7.Bh4 Bxc3+ 8.bxc3 d6
9.Nd2 Nbd7 10.f3 Qe7 11.Qa4 O-O 12.Bd3 e5 13.e4 Rfe8 14.O-O Nf8 15.Rfe1 Ng6
16.Bf2 Nf4 17.Bf1 c5 18.g3 Ne6 19.d5 Ng5 20.f4 Ngh7 21.Qd1 h5 22.Qf3 Ng4
23.Re2 f5 24.exf5 Nhf6 25.Rae1 b5 26.h3 Nxf2 27.Qxf2 bxc4 28.fxe5 dxe5 29.Nxc4 e4
30.d6 Qf7 31.Ne3 Ba6 32.Rd2 Bd3 33.Bxd3 exd3 34.Rxd3 Rad8 35.Ng2 Ne4 36.Qf4 c4
37.Rde3 Nxd6 38.g4 Rxe3 39.Rxe3 Nb7 40.Qe5 Rc8 41.Nf4 Nc5 42.Nxh5 Nd3 43.Qe7 Rb8
44.Kh2 Rb7 45.Qd8+ Kh7 46.Re8 Qc7+ 47.Qxc7 Rxc7 48.Kg3 g6 49.Nf6+ Kg7 50.Re6 Kf7
51.Nd5 Rd7 52.Rf6+ Ke8 53.fxg6 Nc5 54.Rf5  1-0

[Event "Governor's Cup"]
[Site "Saratov RUS"]
[Date "2011.10.12"]
[Round "5"]
[White "Vitiugov,N"]
[Black "Alekseev,Evgeny"]
[Result "1/2-1/2"]
[WhiteElo "2726"]
[BlackElo "2662"]

1.d4 Nf6 2.c4 e6 3.Nc3 Bb4 4.Nf3 d5 5.cxd5 exd5 6.Bg5 Nbd7 7.e3 c5 8.dxc5 Qa5
9.Rc1 Bxc3+ 10.bxc3 O-O 11.Nd4 Qxc5 12.Bd3 Ne4 13.Bf4 Nb6 14.Qh5 Re8 15.O-O g6
16.Qh6 Qf8 17.Qxf8+ Rxf8 18.Nb3 Bf5 19.Bxe4 dxe4 20.Nc5 Nd5 21.Nxb7 Nxf4
22.exf4 Be6 23.c4 Rfc8 24.Nd6 Rc6 25.Rfd1 Rd8 26.c5 Bxa2 27.Nxe4 Rd5 28.Re1 Rd4
29.Rcd1 Rxd1 30.Rxd1 Kg7 31.f3 Be6 32.Ra1 a6 33.Ra5 Bc4 34.g4 f5 35.gxf5 gxf5
36.Nd6 Bb5 37.Nxf5+ Kh8 38.Kf2 Rxc5 39.Nd4 Kg8 40.Ra1 Kf7 41.Re1 Rh5 42.Kg3  1/2-1/2

[Event "Chigorin Memorial Open"]
[Site "St Petersburg RUS"]
[Date "2011.10.14"]
[Round "1.37"]
[White "Paravyan,D"]
[Black "Yakovich,Yur"]
[Result "1/2-1/2"]
[WhiteElo "2192"]
[BlackElo "2549"]

1.d4 Nf6 2.c4 e6 3.Nc3 Bb4 4.Nf3 c5 5.g3 cxd4 6.Nxd4 Ne4 7.Qd3 Bxc3+ 8.bxc3 Nc5
9.Qe3 b6 10.Bg2 Bb7 11.Bxb7 Nxb7 12.Qf3 Nc6 13.Nxc6 dxc6 14.Qxc6+ Qd7 15.Qxd7+ Kxd7
16.Ba3 Rhc8 17.O-O-O+ Ke8 18.Rd4 Rc7 19.Rhd1 Rac8 20.Rh4 h6 21.Rdd4 Na5 22.c5 b5
23.Rd6 Nb7 24.Rd3 Nxc5 25.Bxc5 Rxc5 26.Kd2 R8c6 27.a4 Ra6 28.axb5 Ra2+ 29.Ke1 Rxb5
30.Rb4 Rb2 31.Rxb2 Rxb2 32.c4 g5 33.Ra3 Rb4 34.Rxa7 Rxc4 35.Ra8+ Ke7 36.Rh8 Kf6
37.Rxh6+ Kg7 38.Rh3 Rc1+ 39.Kd2 Ra1 40.e3 Ra2+ 41.Ke1 g4 42.Rh4 f5 43.Kf1 Kg6
44.Kg2 Rb2 45.h3 gxh3+ 46.Rxh3 Ra2  1/2-1/2

[Event "49th ch-IND NatA"]
[Site "Aurangabad IND"]
[Date "2011.10.15"]
[Round "7"]
[White "Vidit,S"]
[Black "Satyapragyan,S"]
[Result "1/2-1/2"]
[WhiteElo "2508"]
[BlackElo "2415"]

1.d4 Nf6 2.c4 e6 3.Nc3 Bb4 4.Nf3 b6 5.Qc2 Bb7 6.a3 Bxc3+ 7.Qxc3 Ne4 8.Qc2 f5
9.g3 O-O 10.Bg2 Nf6 11.O-O Be4 12.Qc3 Qe8 13.b4 d6 14.Bb2 Nbd7 15.Rad1 Qh5
16.Bc1 Kh8 17.Rfe1 Rae8 18.Qb3 Bb7 19.d5 exd5 20.cxd5 Ne4 21.Qa4 Ndf6 22.Qxa7 Rb8
23.Bb2 Nxd5 24.Rd3 Bc6 25.Qa6 Ba8 26.Qc4 b5 27.Qc2 c5 28.Red1 Nb6 29.bxc5 dxc5
30.Nh4 Rbe8  1/2-1/2

[Event "TCh-MNE 1st League"]
[Site "Tivat MNE"]
[Date "2011.10.15"]
[Round "8.2"]
[White "Sedlak,N"]
[Black "Lajthajm,B"]
[Result "1/2-1/2"]
[WhiteElo "2589"]
[BlackElo "2496"]

1.d4 Nf6 2.c4 e6 3.Nc3 Bb4 4.Nf3 O-O 5.Bg5 c5 6.Rc1 d6 7.e3 Nbd7 8.Bd3 e5
9.dxe5 dxe5 10.Bf5 Re8  1/2-1/2

[Event "Indonesia Open"]
[Site "Jakarta INA"]
[Date "2011.10.16"]
[Round "5.28"]
[White "Irwanto,S"]
[Black "Margana,A"]
[Result "1-0"]
[WhiteElo "2429"]
[BlackElo "2204"]

1.d4 Nf6 2.c4 e6 3.Nf3 Bb4+ 4.Nc3 O-O 5.Bg5 h6 6.Bh4 g5 7.Bg3 Ne4 8.Qc2 f5
9.e3 b6 10.Nd2 Bb7 11.f3 Bxc3 12.bxc3 Nxg3 13.hxg3 Kg7 14.Bd3 d6 15.O-O-O Nd7
16.e4 Qf6 17.exf5 exf5 18.Rde1 d5 19.Bxf5 Rad8 20.g4  1-0

[Event "Nalchik WGP 2011"]
[Site "Nalchik RUS"]
[Date "2011.10.16"]
[Round "7"]
[White "Cmilyte,V"]
[Black "Kosteniuk,A"]
[Result "1-0"]
[WhiteElo "2525"]
[BlackElo "2469"]

1.d4 Nf6 2.c4 e6 3.Nc3 Bb4 4.Nf3 b6 5.Qc2 Bb7 6.a3 Bxc3+ 7.Qxc3 Ne4 8.Qc2 O-O
9.g3 c5 10.Bg2 cxd4 11.Nxd4 Nc5 12.Bxb7 Nxb7 13.O-O Qc7 14.Bf4 d6 15.Nb5 Qc6
16.Rfd1 Rd8 17.Rac1 a6 18.Nd4 Qc7 19.Bg5 Rc8 20.Qe4 Nd7 21.b4 h6 22.Be3 Ne5
23.Bf4 Ng6 24.Be3 Ne5 25.Rc2 Rab8 26.Rdc1 Qe7 27.Bf4 Qf6 28.c5 bxc5 29.bxc5 Ng4
30.Nc6 d5 31.Qa4 Ra8 32.Nb4 a5 33.Nd3 e5 34.Qd7 exf4 35.Qxg4 fxg3 36.hxg3 Rc7
37.Nf4 Qc6 38.Qf5 Rd8 39.Rd2 d4 40.Rb2 g6 41.Qe5 Re8 42.Qxd4 Rd7 43.Qc3 Rc7
44.Nd3 Rec8 45.Qd2 Qd5 46.Rbc2 h5 47.Qe3 Rc6 48.Rc4 Re6 49.Qf3 Qxf3 50.exf3 Rec6
51.Rd4 R6c7 52.Rd5 Kg7 53.f4 Kf6 54.Kg2 Ke6 55.Re5+ Kf6 56.Kf3 Rd8 57.Rc3 Rdc8
58.Ke3 Nd6 59.Kd2 Nb7 60.Rc1 Kg7 61.Rd5 f6 62.Ke3 Kf7 63.Kd4 Nd8 64.Ke3 Rb8
65.Rc3 Nc6 66.Kd2 Ke6 67.Rd6+ Kf5 68.f3 Rb1 69.g4+ hxg4 70.fxg4+ Kxg4 71.Rxf6 Kh5
72.Rxc6 Rxc6 73.Ne5 Rb2+ 74.Kc1 Rb3 75.Rxb3 Rxc5+ 76.Kd2 Kh6 77.Rb6 Kh7 78.Nxg6 Rc4
79.f5 Ra4 80.Ne5 Rxa3 81.f6 Ra4 82.Rb7+ Kh6 83.Rb8  1-0

[Event "Indonesia Open"]
[Site "Jakarta INA"]
[Date "2011.10.17"]
[Round "6.1"]
[White "Wang Yue"]
[Black "Tkachiev,V"]
[Result "1-0"]
[WhiteElo "2716"]
[BlackElo "2631"]

1.d4 Nf6 2.c4 e6 3.Nc3 Bb4 4.Nf3 d5 5.cxd5 exd5 6.Bg5 h6 7.Bh4 g5 8.Bg3 Ne4
9.Nd2 Nxc3 10.bxc3 Bxc3 11.Rc1 Bb2 12.Bxc7 Qe7 13.Bd6 Qe6 14.Rb1 Qxd6 15.Rxb2 Nc6
16.e3 Bf5 17.Be2 O-O 18.O-O b6 19.Bg4 Bd3 20.Re1 Na5 21.Nf1 Nc4 22.Rb3 Bxf1
23.Rxf1 f5 24.Be2 Rac8 25.g3 Rc6 26.Bf3 Qe6 27.Rb5 Rd8 28.a4 Kg7 29.Bg2 Rdd6
30.Re1 Na3 31.Rb3 Nc4 32.Qe2 Rd8 33.Rc1 g4 34.h4 a6 35.Rbc3 Rdc8 36.Kh2 Kg6
37.Qe1 R8c7 38.Qh1 Nd2 39.Rxc6 Rxc6 40.Bxd5 Rxc1 41.Qxc1 Qxd5 42.Qxd2 b5
43.axb5 axb5 44.Kg1 Qb7 45.d5 b4 46.d6 b3 47.d7 b2 48.Qxb2 Qxb2 49.d8=Q Qb1+
50.Kh2 Qc2 51.Qd6+ Kh5 52.Kg1 Qb1+ 53.Kg2 Qe4+ 54.Kf1 Qh1+ 55.Ke2 Qf3+ 56.Ke1 Qh1+
57.Kd2 Qf3 58.Qf4 Qd5+ 59.Qd4 Qf3 60.Qf4 Qd5+ 61.Ke1 Qh1+ 62.Ke2 Qd5 63.Qa4 Qf3+
64.Ke1 Qh1+ 65.Kd2 Qd5+ 66.Kc3 Kg6 67.Qa6+ Kh5 68.Qc4 Qd7 69.Qg8 Qc6+ 70.Kd2 Qd7+
71.Ke1 f4 72.gxf4 g3 73.Ke2 gxf2 74.Qg2 Kxh4 75.Qxf2+ Kh5 76.Qf3+ Kg6 77.Kf2 h5
78.Qe4+ Kh6 79.Qd4 Qc6 80.Qh8+ Kg6 81.Qg8+ Kh6 82.Qg5+ Kh7 83.Qxh5+ Kg7 84.Qg4+ Kf7
85.Qh5+ Kg7 86.Qf3 Qc2+ 87.Kg3 Qc1 88.e4 Kf6 89.e5+ Kf5 90.Qd3+ Ke6 91.Kg4 Qg1+
92.Kh4 Qf2+ 93.Qg3 Qc2 94.Qg4+ Ke7 95.Qg7+ Ke8 96.Qg4 Qh2+ 97.Kg5 Ke7 98.Qh4 Qc2
99.f5 Qg2+ 100.Kh6+ Ke8 101.Qa4+ Kd8 102.Qa5+ Kd7 103.Qa7+ Kc8 104.Qa6+ Kc7
105.Qd6+ Kb7 106.Qe7+ Kc6 107.Qg5 Qh2+ 108.Kg6 Kd5 109.f6  1-0

[Event "Chigorin Memorial Open"]
[Site "St Petersburg RUS"]
[Date "2011.10.17"]
[Round "4.63"]
[White "Tarasova,Viktoriy"]
[Black "Kopylov,Al2"]
[Result "1/2-1/2"]
[WhiteElo "2275"]
[BlackElo "2444"]

1.d4 Nf6 2.c4 e6 3.Nc3 Bb4 4.Nf3 b6 5.Bg5 Bb7 6.Nd2 h6 7.Bh4 Qe7 8.e3 Bxc3
9.bxc3 d6 10.f4 Nbd7 11.Bd3 O-O-O 12.e4 e5 13.fxe5 dxe5 14.d5 g5 15.Bf2 Nc5
16.Bc2 h5 17.Qe2 h4 18.O-O-O Kb8 19.Rdf1 Nh5 20.g3 Rh7 21.Rhg1 hxg3 22.hxg3 Rdh8
23.Be3 f6 24.Qf2 Nd7 25.Kb2 Ng7 26.Bd1 Ne8 27.Bg4 Ba6 28.Rg2 Nd6 29.Be2 Nb7
30.Nb3 Nd6 31.Nd2 Nb7 32.Nb3 Nd6 33.Nd2 Nb7 34.Nb3 Nd6  1/2-1/2

[Event "Chigorin Memorial Open"]
[Site "St Petersburg RUS"]
[Date "2011.10.18"]
[Round "5.37"]
[White "Demianjuk,A"]
[Black "Kovalenko,I"]
[Result "0-1"]
[WhiteElo "2319"]
[BlackElo "2578"]

1.d4 Nf6 2.c4 e6 3.Nc3 Bb4 4.Nf3 c5 5.g3 Nc6 6.Bg2 Qa5 7.d5 exd5 8.cxd5 Bxc3+
9.bxc3 Nxd5 10.O-O Nde7 11.c4 O-O 12.Bf4 d6 13.Qxd6 Be6 14.Qd3 Rad8 15.Qc2 Qa6
16.Rfc1 b6 17.a3 f6 18.h4 Bf7 19.Bh3 Nd4 20.Nxd4 Rxd4 21.Bf1 Rxc4 22.Qd3 Qa4
23.e3 Rxc1 24.Rxc1 Nd5 25.e4 Nxf4 26.gxf4 Re8 27.Bg2 f5 28.Re1 c4 29.Qh3 fxe4
30.h5 Qa5 31.Re3 Qxh5 32.Qd7 Qd5 33.Qxa7 b5 34.Qc7 h6 35.Rg3 Qd4 36.Re3 Qd5
37.Rg3 Qd1+ 38.Kh2 Qd2 39.Qc6 Qxf4 40.Qxb5 e3 41.Bd5 Qxf2+ 42.Kh1 Bxd5+ 43.Qxd5+ Qf7  0-1